| 000 | 01228nam a2200301 i 4500 | ||
|---|---|---|---|
| 003 | EG-ScBUE | ||
| 005 | 20230920102903.0 | ||
| 008 | 180109s2006 ua f 000 0 ara d | ||
| 017 | _a2006 / 11941 | ||
| 040 |
_aEG-ScBUE _bara _erda _cEG-ScBUE _dEG-ScBUE |
||
| 082 | 0 | 4 |
_a909.0976101 _bس ل ي _222 |
| 100 | 1 |
_aسليمان، مصطفى محمود، _eمؤلف. |
|
| 245 | 1 | 0 |
_aمختارات من التراث الحضاري / _cإعداد أ. د. مصطفى محمود سليمان، د. جلال الدين الشاعر، د. ماجدة منصور. |
| 264 | 1 |
_aالعاشر من رمضان، مصر : _bالمعهد التكنولوجي العالي، _c[2006] |
|
| 300 |
_a157 صفحة : _c22 سم |
||
| 336 |
_2rdacontent _aنص _btxt |
||
| 337 |
_2rdamedia _aبدون وسيط _bn |
||
| 338 |
_2rdacarrier _aمجلد _bnc |
||
| 541 | _aد. مصطفى محمود سليمان ؛ | ||
| 650 | 7 |
_aالحضارة العربية. _2BUEsh |
|
| 650 | 7 |
_aالتراث الإسلامي. _2BUEsh _917660 |
|
| 651 | _2BUEsh | ||
| 653 |
_bGGEN _cJanuary2018 |
||
| 655 | _vReading book | ||
| 700 | 1 |
_aشاعر، جلال الدين، _eمعد. |
|
| 700 | 1 |
_aمنصور، ماجدة، _eمعد. |
|
| 942 | _2ddc | ||
| 999 |
_c25902 _d25874 |
||